Around the Perimeter of China Quiz Stats

 Plays Quiz Updated Jan 9, 2019

Support Sporcle.
Go Orange.
Score 0/20 Timer 01:30
0 Plays Today
% Correct
???
100%
???
85.3%
???
78%
???
61.4%
???
56.7%
???
54.2%
???
49.6%
???
36%
???
31.6%
???
30.4%
% Correct
???
29.8%
???
29.2%
???
27.8%
???
17.4%
???
15.8%
???
13%
???
12.7%
???
12.5%
???
12.2%
???
12.2%

You're not logged in!

Compare scores with friends on all Sporcle quizzes.
OR
Log In
Forgot?

From the Vault

Beatles Songs from Images

by sproutcm

Music 7m
We never knew that the Beatles wrote a song about Stephen King.
Remove Ads.
Support Sporcle.
Get the best of Sporcle when you Go Orange. This ad-free experience offers more features, more stats, and more fun while also helping to support Sporcle. Thank you for becoming a member.

Show Comments

Extras

Top Quizzes Today


Score Distribution

Your Account Isn't Verified!

In order to create a playlist on Sporcle, you need to verify the email address you used during registration. Go to your Sporcle Settings to finish the process.

Report this User

Report this user for behavior that violates our Community Guidelines.

Details: